Beginning Python (Record no. 176415)

MARC details
000 -LEADER
fixed length control field 00363nam a22001697a 4500
005 - DATE AND TIME OF LATEST TRANSACTION
control field 20251106115156.0
020 ## - INTERNATIONAL STANDARD BOOK NUMBER
ISBN 9781484200292
041 ## - LANGUAGE CODE
Language code of text/sound track or separate title English
082 ## - DEWEY DECIMAL CLASSIFICATION NUMBER
Classification number 005.133 Q17 HET
100 ## - MAIN ENTRY--AUTHOR NAME
Personal name Hetland Magnus Lie
245 ## - TITLE STATEMENT
Title Beginning Python
250 ## - EDITION STATEMENT
Edition statement 03
260 ## - PUBLICATION, DISTRIBUTION, ETC. (IMPRINT)
Place of publication New York
Name of publisher Springer
Year of publication 2017
300 ## - PHYSICAL DESCRIPTION
Number of Pages 527
365 ## - TRADE PRICE
Price amount 1000.00
942 ## - ADDED ENTRY ELEMENTS (KOHA)
Koha item type Books
Holdings
Withdrawn status Lost status Home library Current library Shelving location Date acquired Cost, normal purchase price Full call number Accession Number Cost, replacement price Department Koha item type
    PSG-CAS LIBRARY PSG-CAS LIBRARY SW ROW 2 RACK 28D SELF 2 06/11/2025 1000.00 005.133 Q17 HET 152546 1000.00 Computer Science Books
    PSG-CAS LIBRARY PSG-CAS LIBRARY SW ROW 2 RACK 28D SELF 2 06/11/2025 1000.00 005.133 Q17 HET 152547 1000.00 Computer Science Books

Contact Us:

PSGCAS LIBRARY
Phone: 04224303300
Website: http://www.psgcas.ac.in/ | Email: psgcaslib@gmail.com


You are Visitor Number

web counter